00491nam a2200193 a 4500001001300000003000900013005001700022008004100039020002300080082001300103100001600116245003600132260004300168300000900211500003500220505001800255650000800273700001600281nice12345678IN_TiNIC20260116014105.0070809s2007 oxfa grp 000 0 eng  a1851683232 c29500a211bWAR aWard, Keith aGodb A Guide for the Perplexed aOxford bOne World Publications c2007 a264p aincludes index and biblioraphy2 abiblio, index aGod1 aWard, Keith